|
|
|
|
| LEADER |
00866nam a22002538a 4500 |
| 001 |
00043036 |
| 008 |
181108s2017####-vm#################vie|d |
| 005 |
20181108081148.0 |
| 020 |
# |
# |
|a 9786045866986
|c 99000
|
| 041 |
0 |
# |
|a vie
|
| 082 |
1 |
# |
|a 179.9
|b T452B
|
| 100 |
0 |
# |
|a Grout, Pam
|
| 245 |
0 |
0 |
|a Tôi biết ơn & tôi giàu có
|b Thank & grow rich
|c Pam Grout; Hồng Vân (biên dịch)
|
| 260 |
# |
# |
|a Tp. Hồ Chí Minh
|b Tổng hợp Tp. Hồ Chí Minh ; Công ty Văn hoá Sách Sài Gòn
|c 2017
|
| 300 |
# |
# |
|a 275 tr.
|c 21 cm.
|
| 653 |
# |
# |
|a Kỹ năng
|
| 653 |
# |
# |
|a Lòng biết ơn
|
| 653 |
# |
# |
|a Thành công
|
| 653 |
# |
# |
|a Đạo đức
|
| 700 |
1 |
# |
|a Hồng Vân
|e Biên dịch
|
| 852 |
# |
# |
|j KD.0024988
|
| 910 |
# |
# |
|d 08/11/2018
|
| 980 |
# |
# |
|a Trung tâm Học liệu Lê Vũ Hùng, Trường Đại học Đồng Tháp
|